00356nam a2200133Ia 4500003000400000008004100004020002600045040000800071100002400079245005800103260003700161300001300198365001100211LDD181029s9999 xx 000 0 und d a9788175332270c795.00 cLDD aSingh, Nilesh Kumar 0aReligion, media and public spherecNilesh Kumar Singh aNew DelhibMD Publicationsc2009 av, 297p. b795.00